La Alemania romántica (Record no. 36330)

MARC details
000 -LEADER
campo de control de longitud fija 00949nam a2200289 i 4500
001 - NÚMERO DE CONTROL
campo de control 36330
003 - IDENTIFICADOR DE NÚMERO DE CONTROL
campo de control ES-MaACL
005 - FECHA Y HORA DE LA ÚLTIMA TRANSACCIÓN
campo de control 20231113191618.0
007 - CAMPO FIJO DE DESCRIPCIÓN FÍSICA--INFORMACIÓN GENERAL
campo de control de longitud fija t|
008 - DATOS DE LONGITUD FIJA--INFORMACIÓN GENERAL
campo de control de longitud fija 030218s1971 sp |||| |dspa d
080 ## - NÚMERO DE LA CLASIFICACIÓN DECIMAL UNIVERSAL
Número de la Clasificación Decimal Universal 821.112.2.09"17/18"
100 1# - ENTRADA PRINCIPAL--NOMBRE DE PERSONA
Nombre de persona Brion, Marcel.
9 (RLIN) 31767
245 13 - MENCIÓN DEL TÍTULO
Título La Alemania romántica
Resto del título : Heinrich von Kleist, Ludwig Tieck /
Mención de responsabilidad, etc. Marcel Brion ; [traducción de Fernando Santos Fontela].
250 ## - MENCION DE EDICION
Mención de edición 1ª ed.
260 ## - PUBLICACIÓN, DISTRIBUCIÓN, ETC.
Lugar de publicación, distribución, etc. Barcelona :
Nombre del editor, distribuidor, etc. Barral,
Fecha de publicación, distribución, etc. 1971.
300 ## - DESCRIPCIÓN FÍSICA
Extensión 167 p. ;
Dimensiones 20 cm.
490 1# - MENCIÓN DE SERIE
Mención de serie Breve biblioteca de respuesta ;
Designación de volumen o secuencia 14
500 ## - NOTA GENERAL
Nota general Índice.
504 ## - NOTA DE BIBLIOGRAFÍA, ETC.
Nota de bibliografía, etc. Referencias bibliográficas.
600 14 - PUNTO DE ACCESO ADICIONAL DE MATERIA--NOMBRE DE PERSONA
Nombre de persona Kleist, Heinrich von.
9 (RLIN) 68238
600 14 - PUNTO DE ACCESO ADICIONAL DE MATERIA--NOMBRE DE PERSONA
Nombre de persona Tieck, Ludwig.
9 (RLIN) 110224
650 #4 - PUNTO DE ACCESO ADICIONAL DE MATERIA--TÉRMINO DE MATERIA
Término de materia o nombre geográfico como elemento de entrada Romanticismo-
Subdivisión geográfica Alemania.
9 (RLIN) 16944
700 1# - ENTRADA AGREGADA--NOMBRE PERSONAL
Nombre de persona Santos Fontenla, Fernando.
9 (RLIN) 103502
830 0# - PUNTO DE ACCESO ADICIONAL DE SERIE-TÍTULO UNIFORME
Título uniforme Breve biblioteca de respuesta
Designación de volumen o secuencia 14
9 (RLIN) 183536
852 ## - LOCALIZACIÓN
Ubicación ES-MaACL
Número de control de estantería C-49521
Holdings
Estatus retirado Estado de pérdida Estado de daño No para préstamo Biblioteca de origen Biblioteca actual Ubicación en estantería Fecha de adquisición Fuente de adquisición Total de préstamos Signatura topográfica completa Código de barras Visto por última vez Precio de reemplazo Tipo de ítem Koha
        Biblioteca del Ateneo de Madrid Biblioteca del Ateneo de Madrid Depósito 2 17/01/2008     C-49521 1038140 23/02/2023 23/02/2023 Libro impreso